000 00249nam a2200097Ia 4500
001 915230
005 20250826185830.0
008 250824s9999 xx 000 0 und d
245 0 _aTERK EDİLMİŞ
_cCAROLINE ADDERSON
260 _bKIRMIZI KEDİ YAYINLARI
999 _c915230
_d915230